01854 2200229 4500001002100000005001500021035002000036001002100056005001500077035002000092035002000112245006900132100002200201250001700223300003400240260003400274082000800308084001400316650002400330020002200354520124800376INLIS00000000000104320250430065101 a0010-0425000038INLIS00000000000046920240702102747 a0010-0724000028 a0010-07240000241 aFikih 3 untuk Kelas III Madrasah Ibtidaiyah /cMuh. Rosyid Ridho0 aMuh. Rosyid Ridho acetakan ke-1 axvi, 128 hlm :bilus ;c25 cm aSolo :bTiga Serangkai,c2020 a2X4 a2X4 MUH f 4aBuku Teks Pelajaran a978-602-320-977-4 aSebuah Pilihan Tepat Memilih Buku Fikih! Buku Fikih dihadirkan untuk mengenalkan hukum Islam sejak dini agar dipahami, dihayati, dan diamalkan dalam kehidupan sehari-hari, baik yang menyangkut aspek ibadah maupun muamalah. Materi buku ini disusun berdasarkan Kompetensi Inti dan Kompetensi Dasar sesuai dengan KMA Nomor 183 Tahun 2019. Dikemas dengan bahasa sederhana dan komunikatif, mengedepankan aspek kognitif, afektif, dan psikomotorik siswa, serta diperkenalkan soal-soal dalam bentuk HOTS (Higher Order Thinking Skills) dengan harapan dapat meningkatkan kemampuan berpikir tingkat tinggi dan kreativitas siswa. Buku Fikih ini disempurnakan dengan tampilan fitur-fitur menarik berikut. Tadarus Mul??azah (Ayo Mengamati) Hayya Nas'al (Ayo Bertanya) Tafahum (Ayo Memahami) Qi??ah Mu'ašširah (Cerita Bermakna) Mahf?z?t (Kata Bijak) Lu'bah (permainan) Dilengkapi dengan QR Code yang menampilkan materi pengayaan dalam bentuk teks, slide ppt, audio, animasi, ataupun vidio. Sajian buku yang lengkap, menyenangkan, dan memudahkan para siswa untuk mengua-sai pembelajaran, baik teori maupun praktik, serta pengalaman penulis di bidangnya cukup menjadi alasan bahwa memilih buku Fikih ini sangat tepat.